LIBRARY ONLINE CATALOGUE

Schaum's Outline of Theory and problems of Programming with C (Record no. 17350)

MARC details
000 -LEADER
fixed length control field 00472nam a22001577a 4500
008 - FIXED-LENGTH DATA ELEMENTS--GENERAL INFORMATION
fixed length control field 181029b xxu||||| |||| 00| 0 eng d
020 ## - INTERNATIONAL STANDARD BOOK NUMBER
International Standard Book Number 0070240353
050 ## - LIBRARY OF CONGRESS CALL NUMBER
Classification number QA76.73
Item number .C15G68 1996 c.1
100 ## - MAIN ENTRY--PERSONAL NAME
Personal name Gottfried, Byron S.
245 ## - TITLE STATEMENT
Title Schaum's Outline of Theory and problems of Programming with C
Statement of responsibility, etc. Byron S.Gottfried
250 ## - EDITION STATEMENT
Edition statement 2nd ed.
260 ## - PUBLICATION, DISTRIBUTION, ETC. (IMPRINT)
Place of publication, distribution, etc. New Delhi
Name of publisher, distributor, etc. McGraw-Hill
Date of publication, distribution, etc. 1996
300 ## - PHYSICAL DESCRIPTION
Extent vii, 532p.
650 ## - SUBJECT ADDED ENTRY--TOPICAL TERM
Topical term or geographic name as entry element Computer program language
942 ## - ADDED ENTRY ELEMENTS (KOHA)
Source of classification or shelving scheme Library of Congress Classification
Koha item type General Collection
Holdings
Withdrawn status Lost status Source of classification or shelving scheme Not for loan Home library Current library Date acquired Total Checkouts Full call number Barcode Date last seen Date last checked out Price effective from Koha item type
    Library of Congress Classification   Kabarak, Main Campus Kabarak, Main Campus 29/10/2018 5 QA76.73 .C15G68 1996 c.1 004397 21/04/2026 18/04/2026 29/10/2018 General Collection